[Event "Warsaw YMCA Winter-C 136th"]
[Site "Warsaw"]
[Date "2014.03.25"]
[Round "13"]
[White "Judek, Magdalena"]
[Black "Sylwestrzuk, Mariusz"]
[Result "1/2-1/2"]
[WhiteElo "1794"]
[BlackElo "1709"]
[PlyCount "94"]
[EventDate "2014.01.06"]
[EventType "tourn"]
[EventRounds "13"]
[EventCountry "POL"]
[SourceTitle "EXT 2015"]
[Source "ChessBase"]
[SourceDate "2014.11.20"]
[SourceVersion "1"]
[SourceVersionDate "2014.11.20"]
[SourceQuality "1"]

1. e4 c6 2. d4 d5 3. exd5 cxd5 4. c4 Nf6 5. Nc3 e6 6. Nf3 Bb4 7. a3 Bxc3+ 8. bxc3 0-0 9. Be2 dxc4 10. Bxc4 Qa5 11. Bd2 Ne4 12. 0-0 Nd7 13. Re1 Ndf6 14. Qc2 Nxd2 15. Qxd2 Qc7 16. Bd3 b6 17. Rac1 Bb7 18. Ne5 Nd7 19. Qc2 g6 20. h4 Nxe5 21. Rxe5 Qe7 22. h5 f6 23. Re3 f5 24. hxg6 hxg6 25. Rce1 Qg5 26. Rg3 Qf6 27. Qd2 Kf7 28. Bc4 Rae8 29. Qf4 Re7 30. Rge3 Rfe8 31. Qd6 Bc8 32. Rh3 Rh8 33. Rxh8 Qxh8 34. Qb4 Qe8 35. d5 exd5 36. Bxd5+ Be6 37. Qc4 Bxd5 38. Rxe7+ Qxe7 39. Qxd5+ Kf6 40. Qd4+ Qe5 41. Qd8+ Ke6 42. Qe8+ Kd5 43. Qb5+ Kd6 44. Qb4+ Kc6 45. c4 Qa1+ 46. Kh2 Qe5+ 47. Kg1 Qa1+ 1/2-1/2

[Event "Warsaw YMCA Winter-C 136th"]
[Site "Warsaw"]
[Date "2014.03.18"]
[Round "11"]
[White "Judek, Magdalena"]
[Black "Pajak, Jakub Lech"]
[Result "1-0"]
[WhiteElo "1794"]
[BlackElo "1718"]
[PlyCount "65"]
[EventDate "2014.01.06"]
[EventType "tourn"]
[EventRounds "13"]
[EventCountry "POL"]
[SourceTitle "EXT 2015"]
[Source "ChessBase"]
[SourceDate "2014.11.20"]
[SourceVersion "1"]
[SourceVersionDate "2014.11.20"]
[SourceQuality "1"]

1. d4 c6 2. c4 d5 3. e3 e6 4. Nf3 f5 5. Nbd2 Nf6 6. Be2 Bd6 7. 0-0 0-0 8. c5 Bc7 9. b4 Bd7 10. a4 a6 11. Ba3 b5 12. cxb6 Bxb6 13. Qc2 Ne4 14. Rfc1 Rf6 15. Ne5 Nxd2 16. Qxd2 Bc7 17. Qb2 Bxe5 18. dxe5 Rh6 19. Qd4 Be8 20. Rc3 Nd7 21. Rxc6 Nxe5 22. Rc3 Qb8 23. h3 Bxa4 24. Bb2 Rg6 25. Rxa4 Qe8 26. Ra1 Nc6 27. Qb6 e5 28. Bh5 Rxg2+ 29. Kxg2 Qxh5 30. Qxc6 Rf8 31. Qxd5+ Kh8 32. Qxe5 Qg6+ 33. Qg3 1-0

[Event "Warsaw YMCA Winter-C 136th"]
[Site "Warsaw"]
[Date "2014.02.25"]
[Round "8"]
[White "Judek, Magdalena"]
[Black "Major, Boguslaw"]
[Result "1-0"]
[WhiteElo "1794"]
[BlackElo "1800"]
[PlyCount "131"]
[EventDate "2014.01.06"]
[EventType "tourn"]
[EventRounds "13"]
[EventCountry "POL"]
[SourceTitle "EXT 2015"]
[Source "ChessBase"]
[SourceDate "2014.11.20"]
[SourceVersion "1"]
[SourceVersionDate "2014.11.20"]
[SourceQuality "1"]

1. d4 Nf6 2. Nf3 g6 3. c4 Bg7 4. e3 0-0 5. Be2 d5 6. cxd5 Nxd5 7. Nc3 c5 8. 0-0 cxd4 9. exd4 Nc6 10. Qb3 Nb6 11. Be3 Be6 12. Qc2 Nb4 13. Qd2 Bc4 14. Rfd1 Rc8 15. Ne5 Bxe2 16. Qxe2 N4d5 17. Nxd5 Qxd5 18. Re1 Nc4 19. Nf3 Rfe8 20. b3 Nd6 21. Rac1 Nf5 22. Qd2 b6 23. Rxc8 Rxc8 24. Rc1 Qb7 25. Rc4 Nd6 26. Rxc8+ Qxc8 27. h3 Nf5 28. Bf4 Qd8 29. Be5 Bh6 30. Qc3 f6 31. Bc7 Qc8 32. Qc4+ Kf8 33. a4 Ng7 34. d5 Ne8 35. Bf4 Qxc4 36. Bxh6+ Kf7 37. bxc4 Nd6 38. Be3 Nxc4 39. Nd4 Nb2 40. Nc6 Nxa4 41. Nxa7 Nc3 42. Bxb6 Nxd5 43. Ba5 Ke6 44. Nb5 Kd7 45. Nc3 Nf4 46. Bb6 e5 47. Be3 Nd3 48. Kf1 Ke6 49. Ke2 Nb4 50. Ne4 Nd5 51. Kd3 Ne7 52. Kc4 h5 53. Bb6 Nc8 54. Bd8 f5 55. Ng5+ Kd7 56. Ba5 Ke7 57. Kd5 Na7 58. Bb6 Nc8 59. Bc7 e4 60. Ne6 Kf6 61. Bd8+ Kf7 62. Ke5 Na7 63. Ng5+ Ke8 64. Kf6 Kxd8 65. Kxg6 Nc6 66. Kxf5 1-0

[Event "Warsaw YMCA Winter-C 136th"]
[Site "Warsaw"]
[Date "2014.02.18"]
[Round "7"]
[White "Zbrzeski, Piotr"]
[Black "Judek, Magdalena"]
[Result "0-1"]
[WhiteElo "1782"]
[BlackElo "1794"]
[PlyCount "122"]
[EventDate "2014.01.06"]
[EventType "tourn"]
[EventRounds "13"]
[EventCountry "POL"]
[SourceTitle "EXT 2015"]
[Source "ChessBase"]
[SourceDate "2014.11.20"]
[SourceVersion "1"]
[SourceVersionDate "2014.11.20"]
[SourceQuality "1"]

1. d4 Nf6 2. c4 e6 3. Nf3 c5 4. Nc3 b6 5. Bf4 Be7 6. Nb5 Na6 7. Nd6+ Bxd6 8. Bxd6 Ne4 9. Be5 0-0 10. e3 d6 11. Bf4 Bb7 12. Bd3 Nf6 13. Ng5 h6 14. h4 cxd4 15. exd4 e5 16. dxe5 dxe5 17. Bxe5 Re8 18. f4 Nb4 19. Bf5 Qxd1+ 20. Rxd1 hxg5 21. hxg5 Bxg2 22. Rh2 Bf3 23. Rd6 Ng4 24. Bxg4 Bxg4 25. a3 Na6 26. Rhd2 Nc5 27. Rg2 Bf5 28. Kd1 Nd3 29. Bc3 Nxf4 30. Rgd2 Re6 31. R6d4 Rae8 32. Rf2 Ne2 33. Rd5 Nxc3+ 34. bxc3 Bg4+ 35. Kd2 Re2+ 36. Rxe2 Rxe2+ 37. Kd3 Re7 38. Kd4 Kh7 39. c5 bxc5+ 40. Kxc5 Kg6 41. a4 Bf5 42. a5 Kxg5 43. c4 Kf4 44. Rd4+ Kf3 45. Rd5 Be6 46. Rg5 g6 47. Kb5 Kf4 48. Rg1 g5 49. Rf1+ Kg4 50. c5 f5 51. Rg1+ Kh5 52. Rh1+ Kg6 53. c6 f4 54. Kc5 Bf5 55. Kd6 Re8 56. Rf1 a6 57. Kc7 Bd3 58. Rd1 Bb5 59. Rd6+ Kf5 60. Rd5+ Re5 61. Rd6 Bxc6 0-1

[Event "Warsaw YMCA Winter-C 136th"]
[Site "Warsaw"]
[Date "2014.01.14"]
[Round "2"]
[White "Judek, Magdalena"]
[Black "Staniak, Mariusz"]
[Result "1/2-1/2"]
[WhiteElo "1794"]
[BlackElo "1804"]
[PlyCount "77"]
[EventDate "2014.01.06"]
[EventType "tourn"]
[EventRounds "13"]
[EventCountry "POL"]
[SourceTitle "EXT 2015"]
[Source "ChessBase"]
[SourceDate "2014.11.20"]
[SourceVersion "1"]
[SourceVersionDate "2014.11.20"]
[SourceQuality "1"]

1. e4 e5 2. Nf3 Nf6 3. Nc3 Nc6 4. Bc4 Bc5 5. 0-0 d6 6. h3 Be6 7. Bb3 Nd4 8. d3 c6 9. Na4 Nxb3 10. axb3 Bb6 11. Nxb6 axb6 12. Be3 c5 13. Nd2 Rxa1 14. Qxa1 Nh5 15. Qa7 Bc8 16. b4 0-0 17. bxc5 bxc5 18. Nc4 Nf4 19. Bxf4 exf4 20. Qb8 Qg5 21. Kh1 Bxh3 22. Qxf8+ Kxf8 23. gxh3 Qh6 24. Kh2 b5 25. Nb6 Qh5 26. Ra1 g5 27. Ra8+ Kg7 28. Nd5 Qf3 29. Kg1 Qxh3 30. Ne7 h6 31. Nf5+ Kf6 32. Ra6 Ke5 33. Rxd6 f3 34. Rd5+ Kf6 35. Rd6+ Ke5 36. Rd5+ Ke6 37. Rd6+ Ke5 38. Rd5+ Kf6 39. Rd6+ 1/2-1/2

[Event "Polanica Zdroj op-C 43rd"]
[Site "Polanica Zdroj"]
[Date "2007.08.18"]
[Round "2.20"]
[White "Wojtowicz, Stanislaw"]
[Black "Judek, Magdalena"]
[Result "1-0"]
[WhiteElo "2032"]
[BlackElo "1746"]
[PlyCount "119"]
[EventDate "2007.08.17"]
[EventType "swiss"]
[EventRounds "9"]
[EventCountry "POL"]
[SourceTitle "CBM 120 Extra"]
[Source "ChessBase"]
[SourceDate "2007.11.01"]
[SourceVersion "1"]
[SourceVersionDate "2007.11.01"]
[SourceQuality "1"]

1. d4 d5 2. Bf4 Nf6 3. Nf3 e6 4. Nbd2 Bd6 5. Ne5 c5 6. e3 0-0 7. c3 Nc6 8. Ndf3 Qc7 9. Bg3 Nd7 10. Nxd7 Qxd7 11. Qc2 h6 12. Bb5 a6 13. Bxc6 bxc6 14. dxc5 Bxc5 15. Ne5 Qb7 16. 0-0 Bd7 17. Nd3 Be7 18. b4 Qc8 19. c4 c5 20. bxc5 dxc4 21. Qxc4 Bb5 22. Qc2 Rd8 23. Rfd1 Bxd3 24. Rxd3 Rxd3 25. Qxd3 Qxc5 26. h3 Qa5 27. Qc4 Qb5 28. Rc1 Rd8 29. Qxb5 axb5 30. Rc2 Ra8 31. Kf1 b4 32. Ke2 Ra3 33. f3 Kh7 34. Be1 b3 35. axb3 Rxb3 36. Rc7 Rb2+ 37. Kf1 Bd6 38. Rxf7 Bc5 39. Bc3 Rb1+ 40. Ke2 h5 41. Rxg7+ Kh6 42. Rc7 Rg1 43. Rxc5 Rxg2+ 44. Kf1 Rg3 45. Kf2 Rxh3 46. Kg2 Rh4 47. Re5 Rc4 48. Rxe6+ Kg5 49. f4+ Kg4 50. Rg6+ Kf5 51. Rg5+ Ke4 52. Re5+ Kd3 53. Be1 Rc2+ 54. Kf3 Rh2 55. Bg3 Rh1 56. Kg2 Rb1 57. f5 Rb4 58. f6 h4 59. f7 hxg3 60. f8Q 1-0

[Event "Guben op"]
[Site "Guben"]
[Date "2006.10.02"]
[Round "2"]
[White "Judek, Magdalena"]
[Black "Omasta, Dusan"]
[Result "1/2-1/2"]
[WhiteElo "1755"]
[BlackElo "1906"]
[PlyCount "47"]
[EventDate "2006.10.02"]
[EventType "swiss"]
[EventRounds "9"]
[EventCountry "GER"]
[SourceTitle "EXT 2007"]
[Source "ChessBase"]
[SourceDate "2006.11.23"]
[SourceVersion "1"]
[SourceVersionDate "2006.11.23"]
[SourceQuality "1"]

1. d4 Nf6 2. c4 g6 3. Nc3 Bg7 4. e4 d6 5. Be3 0-0 6. Be2 Nbd7 7. Nf3 Ng4 8. Qd2 Nxe3 9. Qxe3 c5 10. 0-0 cxd4 11. Nxd4 Qb6 12. Rfd1 Qxb2 13. Rab1 Qa3 14. Rb3 Qa5 15. Ndb5 a6 16. Ra3 Qd8 17. Nd5 Nc5 18. f4 Bd7 19. Nd4 e6 20. Nb4 e5 21. Nf3 Qb6 22. Nd5 Qb2 23. Rd2 Qb1+ 24. Rd1 1/2-1/2